| 000 | 00782nab a2200241 u 4500 | ||
|---|---|---|---|
| 001 | 16251 | ||
| 003 | HDC | ||
| 007 | cr bn ---aaaaa | ||
| 008 | 210220c20100210my dr|noo 0 a eng d | ||
| 040 | _aHDC | ||
| 245 | 0 | _aHundreds Of Eateries Using Fake Halal Certificates | |
| 260 |
_a[No place] : _b[publisher not identified], _c2010 |
||
| 336 |
_atext _2rdacontent |
||
| 337 |
_acomputer _2rdamedia |
||
| 338 |
_aonline resource _2rdacarrier |
||
| 650 |
_aHalal Certificates _911254 |
||
| 650 |
_aRestaurants _92152 |
||
| 710 | _aBernama | ||
| 856 | _zRequest full-text at [email protected] | ||
| 942 | _2lcc | ||
| 942 | _cNEWS | ||
| 942 | _kNWSO 005660 | ||
| 999 |
_c13567 _d13567 |
||